[Event "OEISM 0818 BLMM"]
[Site "austriablmm"]
[Date "2020.12.12"]
[Round "5"]
[White "BiancaD"]
[Black "Famol"]
[Result "0-1"]
[WhiteElo "1545"]
[BlackElo "1668"]
[Annotator "NA RC"]
[PlyCount "81"]
[EventDate "2020.12.12"]
[EventType "blitz"]

1. e4 {[%emt 0:00:01]} c6 {[%emt 0:00:02]} 2. Nf3 {[%emt 0:00:01]} d6 {[%emt 0:00:01]} 3. Bc4 {[%emt 0:00:01]} Nd7 {[%emt 0:00:01]} 4. O-O {[%emt 0:00:02]} Qc7 {[%emt 0:00:01]} 5. Nc3 {[%emt 0:00:03]} e5 {[%emt 0:00:01]} 6. d3 {[%emt 0:00:03]} Ngf6 {[%emt 0:00:01]} 7. Bg5 {[%emt 0:00:01]} Be7 {[%emt 0:00:01]} 8. h3 {[%emt 0:00:03]} Nf8 {[%emt 0:00:04]} 9. a3 {[%emt 0:00:03]} Ng6 {[%emt 0:00:02]} 10. Bxf6 {[%emt 0:00:04]} Bxf6 {[%emt 0:00:01]} 11. Ne2 {[%emt 0:00:15]} O-O {[%emt 0:00:02]} 12. Ng3 {[%emt 0:00:01]} Nf4 {[%emt 0:00:02]} 13. c3 {[%emt 0:00:08]} Bd7 {[%emt 0:00:01]} 14. Qb3 {[%emt 0:00:03]} Qc8 {[%emt 0:00:03]} 15. Rfe1 {[%emt 0:01:59]} Be6 {[%emt 0:00:13]} 16. Bxe6 {[%emt 0:00:03]} fxe6 {[%emt 0:00:02]} 17. Ne2 {[%emt 0:00:07]} Ng6 {[%emt 0:00:43]} 18. d4 {[%emt 0:00:10]} exd4 {[%emt 0:00:20]} 19. Nexd4 {[%emt 0:00:06]} Re8 {[%emt 0:00:17]} 20. Rad1 {[%emt 0:00:48]} d5 {[%emt 0:00:41]} 21. exd5 {[%emt 0:00:18]} cxd5 {[%emt 0:00:57]} 22. h4 {[%emt 0:00:23]} Nxh4 {[%emt 0:00:21]} 23. Nxh4 {[%emt 0:00:05]} Bxh4 {[%emt 0:00:03]} 24. Rd2 {[%emt 0:00:13]} Qd7 {[%emt 0:00:31]} 25. Rde2 {[%emt 0:00:07]} Qf7 {[%emt 0:00:23]} 26. g3 {[%emt 0:00:06]} Bf6 {[%emt 0:00:58]} 27. Nxe6 {[%emt 0:00:16]} Kh8 {[%emt 0:00:27]} 28. Qxd5 {[%emt 0:00:05]} Rec8 {[%emt 0:00:41]} 29. c4 {[%emt 0:00:11]} h6 {[%emt 0:00:54]} 30. Nf4 {[%emt 0:00:33]} Qc7 {[%emt 0:00:52]} 31. b3 {[%emt 0:00:27]} a5 {[%emt 0:00:33]} 32. Nh5 {[%emt 0:00:08]} Rd8 {[%emt 0:00:31]} 33. Qf5 {[%emt 0:00:26]} Qb6 {[%emt 0:01:08]} 34. Nxf6 {[%emt 0:00:15]} gxf6 {[%emt 0:00:27]} 35. Qg6 {[%emt 0:00:05]} Qc7 {[%emt 0:00:14]} 36. Qxh6+ {[%emt 0:00:02]} Kg8 {[%emt 0:00:02]} 37. Qxf6 {[%emt 0:00:03]} Rf8 {[%emt 0:00:01]} 38. Qg6+ {[%emt 0:00:03]} Kh8 {[%emt 0:00:01]} 39. Re7 {[%emt 0:00:03]} Qxe7 {[%emt 0:00:09]} 40. Rxe7 {[%emt 0:00:03]} Rf7 {[%emt 0:00:03]} 41. Qxf7 {[%emt 0:00:02] Famol resigns Mate TimeB TimeB} 0-1

[Event "OEISM 0818 BLMM"]
[Site "austriablmm"]
[Date "2020.12.12"]
[Round "5"]
[White "Xvv_valentina"]
[Black "Ji-Jay-Jim"]
[Result "0-1"]
[WhiteElo "1534"]
[BlackElo "1734"]
[Annotator "NA RC"]
[PlyCount "142"]
[EventDate "2020.12.12"]
[EventType "blitz"]

1. e4 {[%emt 0:00:02]} c6 {[%emt 0:00:03]} 2. Nf3 {[%emt 0:00:01]} d5 {[%emt 0:00:08]} 3. d3 {[%emt 0:00:09]} dxe4 {[%emt 0:00:07]} 4. dxe4 {[%emt 0:00:04]} Qxd1+ {[%emt 0:00:07]} 5. Kxd1 {[%emt 0:00:01]} Bg4 {[%emt 0:00:03]} 6. Be2 {[%emt 0:00:03]} Bxf3 {[%emt 0:00:12]} 7. Bxf3 {[%emt 0:00:03]} Nd7 {[%emt 0:00:06]} 8. b3 {[%emt 0:00:04]} Ngf6 {[%emt 0:00:07]} 9. Bb2 {[%emt 0:00:02]} e5 {[%emt 0:00:05]} 10. Nd2 {[%emt 0:00:08]} Bb4 {[%emt 0:00:12]} 11. Nc4 {[%emt 0:00:05]} O-O-O {[%emt 0:00:31]} 12. Ke2 {[%emt 0:00:15]} Rhe8 {[%emt 0:00:12]} 13. Rhd1 {[%emt 0:00:05]} Re7 {[%emt 0:00:53]} 14. Rd3 {[%emt 0:00:22]} Rde8 {[%emt 0:00:14]} 15. a3 {[%emt 0:00:30]} Bc5 {[%emt 0:00:25]} 16. b4 {[%emt 0:00:06]} Bb6 {[%emt 0:00:05]} 17. Nd6+ {[%emt 0:00:05]} Kc7 {[%emt 0:00:17]} 18. Nxe8+ {[%emt 0:00:03]} Rxe8 {[%emt 0:00:06]} 19. Rad1 {[%emt 0:00:09]} Re7 {[%emt 0:00:20]} 20. h3 {[%emt 0:00:24]} g5 {[%emt 0:00:08]} 21. g3 {[%emt 0:00:31]} h5 {[%emt 0:00:08]} 22. h4 {[%emt 0:00:04]} g4 {[%emt 0:00:06]} 23. Bg2 {[%emt 0:00:07]} a6 {[%emt 0:00:11]} 24. f3 {[%emt 0:00:13]} Kc8 {[%emt 0:00:27]} 25. fxg4 {[%emt 0:00:30]} hxg4 {[%emt 0:00:00]} 26. c4 {[%emt 0:00:37]} c5 {[%emt 0:00:07]} 27. Rd6 {[%emt 0:00:20]} Bc7 {[%emt 0:00:10]} 28. Rxf6 {[%emt 0:00:11]} Nxf6 {[%emt 0:00:04]} 29. Ke3 {[%emt 0:00:19]} cxb4 {[%emt 0:00:03]} 30. axb4 {[%emt 0:00:02]} b5 {[%emt 0:00:05]} 31. cxb5 {[%emt 0:00:06]} axb5 {[%emt 0:00:03]} 32. Bc3 {[%emt 0:00:07]} Bb6+ {[%emt 0:00:03]} 33. Ke2 {[%emt 0:00:13]} Nh5 {[%emt 0:00:08]} 34. Rd3 {[%emt 0:00:11]} f6 {[%emt 0:00:04]} 35. Bf3 {[%emt 0:00:05]} gxf3+ {[%emt 0:00:04]} 36. Kxf3 {[%emt 0:00:07]} Rg7 {[%emt 0:00:04]} 37. g4 {[%emt 0:00:03]} Nf4 {[%emt 0:00:07]} 38. Rd6 {[%emt 0:00:08]} Bd8 {[%emt 0:00:09]} 39. Ra6 {[%emt 0:00:30]} Kb7 {[%emt 0:00:02]} 40. Rd6 {[%emt 0:00:06]} Be7 {[%emt 0:00:06]} 41. Rd7+ {[%emt 0:00:08]} Kc6 {[%emt 0:00:02]} 42. Rd2 {[%emt 0:00:10]} Bd6 {[%emt 0:00:05]} 43. Rc2 {[%emt 0:00:12]} Kb6 {[%emt 0:00:06]} 44. Rd2 {[%emt 0:00:28]} Bc7 {[%emt 0:00:08]} 45. Rc2 {[%emt 0:00:13]} Bd6 {[%emt 0:00:04]} 46. Be1 {[%emt 0:00:06]} Rd7 {[%emt 0:00:08]} 47. Bf2+ {[%emt 0:00:04]} Kb7 {[%emt 0:00:04]} 48. Be3 {[%emt 0:00:12]} Bc7 {[%emt 0:00:05]} 49. Rc5 {[%emt 0:00:11]} Ka6 {[%emt 0:00:13]} 50. Kf2 {[%emt 0:00:19]} Nd3+ {[%emt 0:00:03]} 51. Ke2 {[%emt 0:00:06]} Nxc5 {[%emt 0:00:02]} 52. Bxc5 {[%emt 0:00:01]} Rh7 {[%emt 0:00:02]} 53. h5 {[%emt 0:00:05]} Bb6 {[%emt 0:00:02]} 54. Be7 {[%emt 0:00:07]} Rxe7 {[%emt 0:00:03]} 55. Kf3 {[%emt 0:00:09]} Bd4 {[%emt 0:00:05]} 56. h6 {[%emt 0:00:06]} Rh7 {[%emt 0:00:04]} 57. Kg3 {[%emt 0:00:04]} Bc3 {[%emt 0:00:02]} 58. Kh4 {[%emt 0:00:04]} Rxh6+ {[%emt 0:00:03]} 59. Kg3 {[%emt 0:00:02]} Bxb4 {[%emt 0:00:01]} 60. Kf3 {[%emt 0:00:04]} Rh7 {[%emt 0:00:04]} 61. Kf2 {[%emt 0:00:07]} Rd7 {[%emt 0:00:03]} 62. Kf3 {[%emt 0:00:02]} Bc5 {[%emt 0:00:02]} 63. Kg3 {[%emt 0:00:02]} b4 {[%emt 0:00:02]} 64. Kh4 {[%emt 0:00:02]} b3 {[%emt 0:00:03]} 65. Kh5 {[%emt 0:00:01]} b2 {[%emt 0:00:04]} 66. Kg6 {[%emt 0:00:01]} b1=Q {[%emt 0:00:03]} 67. Kxf6 {[%emt 0:00:02]} Qxe4 {[%emt 0:00:02]} 68. g5 {[%emt 0:00:01]} Rd6+ {[%emt 0:00:03]} 69. Kf7 {[%emt 0:00:05]} Qf5+ {[%emt 0:00:01]} 70. Kg7 {[%emt 0:00:02]} Qg6+ {[%emt 0:00:01]} 71. Kf8 {[%emt 0:00:03]} Re6# {[%emt 0:00:11] Mate Mate} 0-1

[Event "OEISM 0818 BLMM"]
[Site "austriablmm"]
[Date "2020.12.12"]
[Round "5"]
[White "Chessroman"]
[Black "Julian17"]
[Result "0-1"]
[WhiteElo "1523"]
[BlackElo "1801"]
[Annotator "NA RC"]
[PlyCount "46"]
[EventDate "2020.12.12"]
[EventType "blitz"]

1. e4 {[%emt 0:00:03]} c5 {[%emt 0:00:02]} 2. c3 {[%emt 0:00:04]} Nf6 {[%emt 0:00:02]} 3. f3 {[%emt 0:00:19]} d5 {[%emt 0:00:22]} 4. exd5 {[%emt 0:00:08]} Qxd5 {[%emt 0:00:03]} 5. d4 {[%emt 0:00:03]} cxd4 {[%emt 0:00:01]} 6. cxd4 {[%emt 0:00:16]} Nc6 {[%emt 0:00:05]} 7. Be3 {[%emt 0:00:09]} Bf5 {[%emt 0:00:39]} 8. Nc3 {[%emt 0:00:17]} Qa5 {[%emt 0:00:29]} 9. Bc4 {[%emt 0:00:24]} Rd8 {[%emt 0:00:24]} 10. Nge2 {[%emt 0:00:41]} e6 {[%emt 0:00:09]} 11. Qb3 {[%emt 0:00:09]} Qc7 {[%emt 0:00:22]} 12. Nb5 {[%emt 0:00:32]} Qb8 {[%emt 0:00:30]} 13. Bf4 {[%emt 0:00:17]} Qc8 {[%emt 0:00:34]} 14. O-O {[%emt 0:00:31]} Rd7 {[%emt 0:00:13]} 15. Rac1 {[%emt 0:00:22]} Be7 {[%emt 0:00:23]} 16. Bd3 {[%emt 0:00:18]} Bxd3 {[%emt 0:00:06]} 17. Qxd3 {[%emt 0:00:04]} O-O {[%emt 0:00:03]} 18. Be5 {[%emt 0:00:22]} Nxe5 {[%emt 0:00:53]} 19. dxe5 {[%emt 0:00:27]} Rxd3 {[%emt 0:00:34]} 20. Rxc8 {[%emt 0:00:04]} Rxc8 {[%emt 0:00:05]} 21. exf6 {[%emt 0:00:01]} Bxf6 {[%emt 0:00:06]} 22. Rc1 {[%emt 0:00:22]} Rxc1+ {[%emt 0:00:05]} 23. Nxc1 {[%emt 0:00:04]} Rd1+ {[%emt 0:00:01] Chessroman resigns} 0-1

[Event "OEISM 0818 BLMM"]
[Site "austriablmm"]
[Date "2020.12.12"]
[Round "5"]
[White "Robert_III"]
[Black "Viktor09"]
[Result "1-0"]
[WhiteElo "1510"]
[BlackElo "1695"]
[Annotator "NA RC"]
[PlyCount "67"]
[EventDate "2020.12.12"]
[EventType "blitz"]

1. e4 {[%emt 0:00:06]} c5 {[%emt 0:00:02]} 2. Nf3 {[%emt 0:00:02]} Nc6 {[%emt 0:00:01]} 3. d4 {[%emt 0:00:02]} cxd4 {[%emt 0:00:00]} 4. Nxd4 {[%emt 0:00:02]} e6 {[%emt 0:00:00]} 5. c4 {[%emt 0:00:15]} Nf6 {[%emt 0:00:05]} 6. Nxc6 {[%emt 0:00:04]} bxc6 {[%emt 0:00:04]} 7. e5 {[%emt 0:00:04]} Qa5+ {[%emt 0:00:04]} 8. Nc3 {[%emt 0:00:06]} Qxe5+ {[%emt 0:00:02]} 9. Be2 {[%emt 0:00:00]} Be7 {[%emt 0:00:10]} 10. O-O {[%emt 0:00:05]} O-O {[%emt 0:00:04]} 11. Qc2 {[%emt 0:00:08]} d5 {[%emt 0:00:34]} 12. cxd5 {[%emt 0:00:06]} cxd5 {[%emt 0:00:05]} 13. Bd3 {[%emt 0:00:20]} Bb7 {[%emt 0:00:08]} 14. Bd2 {[%emt 0:00:30]} Rac8 {[%emt 0:00:24]} 15. Rfe1 {[%emt 0:00:07]} Qb8 {[%emt 0:00:08]} 16. Qb1 {[%emt 0:00:29]} Bd6 {[%emt 0:00:13]} 17. h3 {[%emt 0:00:05]} Qa8 {[%emt 0:00:34]} 18. Bg5 {[%emt 0:00:09]} Ne4 {[%emt 0:00:35]} 19. Nxe4 {[%emt 0:00:11]} dxe4 {[%emt 0:00:05]} 20. Bxe4 {[%emt 0:00:02]} Bxe4 {[%emt 0:00:05]} 21. Rxe4 {[%emt 0:00:15]} g6 {[%emt 0:00:22]} 22. Qd3 {[%emt 0:00:20]} Qb8 {[%emt 0:00:58]} 23. Bf6 {[%emt 0:00:25]} Rfe8 {[%emt 0:00:20]} 24. Rd1 {[%emt 0:00:19]} Be7 {[%emt 0:00:21]} 25. Be5 {[%emt 0:00:03]} Qb6 {[%emt 0:00:15]} 26. Qe3 {[%emt 0:01:11]} Qxe3 {[%emt 0:00:10]} 27. Rxe3 {[%emt 0:00:02]} Rc2 {[%emt 0:00:10]} 28. Rd7 {[%emt 0:00:17]} f5 {[%emt 0:00:39]} 29. Rc3 {[%emt 0:01:03]} Rxb2 {[%emt 0:00:34]} 30. Rcc7 {[%emt 0:00:32]} Rb1+ {[%emt 0:00:02]} 31. Kh2 {[%emt 0:00:02]} Kf8 {[%emt 0:00:01]} 32. Rxa7 {[%emt 0:00:03]} Rc1 {[%emt 0:00:21]} 33. Rxe7 {[%emt 0:00:08]} Rxe7 {[%emt 0:00:04]} 34. Bd6 {[%emt 0:00:01] Viktor09 resigns} 1-0

[Event "OEISM 0818 BLMM"]
[Site "austriablmm"]
[Date "2020.12.12"]
[Round "5"]
[White "Mostinchen"]
[Black "Lukas-2010"]
[Result "0-1"]
[WhiteElo "1490"]
[BlackElo "1907"]
[Annotator "NA RC"]
[PlyCount "52"]
[EventDate "2020.12.12"]
[EventType "blitz"]

1. e4 {[%emt 0:00:04]} c5 {[%emt 0:00:02]} 2. d4 {[%emt 0:00:03]} cxd4 {[%emt 0:00:02]} 3. Nf3 {[%emt 0:00:01]} e5 {[%emt 0:00:02]} 4. Bc4 {[%emt 0:00:16]} Nf6 {[%emt 0:00:05]} 5. Bg5 {[%emt 0:00:04]} Qc7 {[%emt 0:00:11]} 6. Bd3 {[%emt 0:00:06]} Be7 {[%emt 0:00:08]} 7. O-O {[%emt 0:00:05]} O-O {[%emt 0:00:02]} 8. c3 {[%emt 0:00:10]} h6 {[%emt 0:00:09]} 9. Bh4 {[%emt 0:00:11]} d5 {[%emt 0:00:06]} 10. Bxf6 {[%emt 0:00:34]} Bxf6 {[%emt 0:00:04]} 11. exd5 {[%emt 0:00:35]} Bg4 {[%emt 0:00:09]} 12. h3 {[%emt 0:00:17]} Bh5 {[%emt 0:00:14]} 13. g4 {[%emt 0:01:25]} Bg6 {[%emt 0:00:03]} 14. Bxg6 {[%emt 0:00:21]} fxg6 {[%emt 0:00:00]} 15. Qc2 {[%emt 0:00:31]} Qf7 {[%emt 0:00:21]} 16. c4 {[%emt 0:00:36]} Nd7 {[%emt 0:00:08]} 17. Nbd2 {[%emt 0:00:04]} Nc5 {[%emt 0:00:09]} 18. b4 {[%emt 0:00:31]} d3 {[%emt 0:00:04]} 19. Qd1 {[%emt 0:00:09]} e4 {[%emt 0:00:05]} 20. Nh2 {[%emt 0:00:22]} Be5 {[%emt 0:00:31]} 21. bxc5 {[%emt 0:00:24]} Qf4 {[%emt 0:00:03]} 22. Nhf3 {[%emt 0:00:38]} exf3 {[%emt 0:00:03]} 23. Nxf3 {[%emt 0:00:12]} Bxa1 {[%emt 0:00:01]} 24. Nh4 {[%emt 0:00:15]} Be5 {[%emt 0:00:03]} 25. Nf3 {[%emt 0:00:34]} Qxf3 {[%emt 0:00:01]} 26. Qxf3 {[%emt 0:00:01]} Rxf3 {[%emt 0:00:00] Mostinchen resigns} 0-1

[Event "OEISM 0818 BLMM"]
[Site "austriablmm"]
[Date "2020.12.12"]
[Round "5"]
[White "Freeclimber"]
[Black "Chessellis"]
[Result "0-1"]
[WhiteElo "1481"]
[BlackElo "1636"]
[Annotator "NA RC"]
[PlyCount "60"]
[EventDate "2020.12.12"]
[EventType "blitz"]

1. e4 {[%emt 0:00:03]} c5 {[%emt 0:00:02]} 2. Nf3 {[%emt 0:00:03]} d6 {[%emt 0:00:01]} 3. Nc3 {[%emt 0:00:02]} Nc6 {[%emt 0:00:07]} 4. Bb5 {[%emt 0:00:05]} Bd7 {[%emt 0:00:06]} 5. O-O {[%emt 0:00:04]} Nf6 {[%emt 0:00:02]} 6. d3 {[%emt 0:00:09]} g6 {[%emt 0:00:04]} 7. Bg5 {[%emt 0:00:04]} Bg7 {[%emt 0:00:03]} 8. Qe2 {[%emt 0:00:10]} O-O {[%emt 0:00:06]} 9. Bxc6 {[%emt 0:00:39]} Bxc6 {[%emt 0:00:03]} 10. d4 {[%emt 0:00:16]} cxd4 {[%emt 0:00:15]} 11. Nxd4 {[%emt 0:00:04]} Qb6 {[%emt 0:00:12]} 12. Nb3 {[%emt 0:00:18]} Rac8 {[%emt 0:00:15]} 13. Be3 {[%emt 0:00:16]} Qc7 {[%emt 0:00:20]} 14. Bxa7 {[%emt 0:00:06]} b6 {[%emt 0:00:06]} 15. Qe3 {[%emt 0:00:28]} Qxa7 {[%emt 0:00:10]} 16. Qg5 {[%emt 0:01:23]} Nxe4 {[%emt 0:00:23]} 17. Nxe4 {[%emt 0:00:08]} Bxe4 {[%emt 0:00:02]} 18. Rfe1 {[%emt 0:01:36]} Bf6 {[%emt 0:00:07]} 19. Qh6 {[%emt 0:00:13]} Bxc2 {[%emt 0:00:04]} 20. Re3 {[%emt 0:00:34]} Bg7 {[%emt 0:00:25]} 21. Qh4 {[%emt 0:00:10]} Bxb3 {[%emt 0:00:41]} 22. Rh3 {[%emt 0:00:13]} h6 {[%emt 0:00:20]} 23. Rxb3 {[%emt 0:00:08]} Qxa2 {[%emt 0:01:14]} 24. Re1 {[%emt 0:00:36]} Qxb3 {[%emt 0:00:13]} 25. g4 {[%emt 0:00:10]} e6 {[%emt 0:00:51]} 26. Re3 {[%emt 0:00:23]} Qxb2 {[%emt 0:00:35]} 27. Rh3 {[%emt 0:00:17]} Rc4 {[%emt 0:00:12]} 28. Qg3 {[%emt 0:01:08]} Qb1+ {[%emt 0:00:25]} 29. Kg2 {[%emt 0:00:05]} Qe4+ {[%emt 0:00:12]} 30. Kg1 {[%emt 0:00:03]} Rc1# {[%emt 0:00:08] Mate Mate} 0-1

[Event "OEISM 0818 BLMM"]
[Site "austriablmm"]
[Date "2020.12.12"]
[Round "5"]
[White "Zauberbiene"]
[Black "Martinovicdavid"]
[Result "0-1"]
[WhiteElo "1466"]
[BlackElo "1684"]
[Annotator "NA RC"]
[PlyCount "56"]
[EventDate "2020.12.12"]
[EventType "blitz"]

1. e4 {[%emt 0:00:05]} e5 {[%emt 0:00:03]} 2. Nc3 {[%emt 0:00:06]} Nc6 {[%emt 0:00:03]} 3. Bc4 {[%emt 0:00:04]} Nf6 {[%emt 0:00:03]} 4. d3 {[%emt 0:00:02]} Bc5 {[%emt 0:00:04]} 5. a3 {[%emt 0:00:03]} h6 {[%emt 0:00:08]} 6. Nf3 {[%emt 0:00:05]} O-O {[%emt 0:00:03]} 7. Be3 {[%emt 0:00:03]} Bd4 {[%emt 0:00:11]} 8. h3 {[%emt 0:00:17]} Bxc3+ {[%emt 0:00:16]} 9. bxc3 {[%emt 0:00:05]} d5 {[%emt 0:00:03]} 10. Qe2 {[%emt 0:00:15]} dxc4 {[%emt 0:00:05]} 11. dxc4 {[%emt 0:00:03]} Re8 {[%emt 0:00:16]} 12. O-O {[%emt 0:00:04]} Be6 {[%emt 0:00:04]} 13. Rfd1 {[%emt 0:00:14]} Qe7 {[%emt 0:00:09]} 14. c5 {[%emt 0:00:16]} Nxe4 {[%emt 0:00:03]} 15. Rab1 {[%emt 0:00:29]} Nxc3 {[%emt 0:00:03]} 16. Rd7 {[%emt 0:00:05]} Nxe2+ {[%emt 0:00:02]} 17. Kf1 {[%emt 0:00:06]} Qxd7 {[%emt 0:00:03]} 18. Kxe2 {[%emt 0:00:03]} Nd4+ {[%emt 0:00:02]} 19. Kf1 {[%emt 0:00:07]} Nxf3 {[%emt 0:00:03]} 20. gxf3 {[%emt 0:00:05]} Bxh3+ {[%emt 0:00:02]} 21. Ke2 {[%emt 0:00:03]} e4 {[%emt 0:00:02]} 22. fxe4 {[%emt 0:00:03]} Rxe4 {[%emt 0:00:03]} 23. Rd1 {[%emt 0:00:06]} Qg4+ {[%emt 0:00:07]} 24. Kd2 {[%emt 0:00:04]} Rd8+ {[%emt 0:00:05]} 25. Kc3 {[%emt 0:00:08]} Rc4+ {[%emt 0:00:04]} 26. Kb2 {[%emt 0:00:08]} Rxd1 {[%emt 0:00:02]} 27. Bc1 {[%emt 0:00:09]} Qe2 {[%emt 0:00:03]} 28. Kb3 {[%emt 0:00:09]} Qxc2# {[%emt 0:00:03] Mate Mate} 0-1

[Event "OEISM 0818 BLMM"]
[Site "austriablmm"]
[Date "2020.12.12"]
[Round "5"]
[White "Theodor_13"]
[Black "Blacky247"]
[Result "0-1"]
[WhiteElo "1352"]
[BlackElo "1494"]
[Annotator "NA RC"]
[PlyCount "62"]
[EventDate "2020.12.12"]
[EventType "blitz"]

1. e4 {[%emt 0:00:10]} e5 {[%emt 0:00:01]} 2. Qh5 {[%emt 0:00:03]} Nf6 {[%emt 0:00:03]} 3. Qxe5+ {[%emt 0:00:02]} Be7 {[%emt 0:00:03]} 4. Qg3 {[%emt 0:00:09]} Nxe4 {[%emt 0:00:06]} 5. Qf3 {[%emt 0:00:03]} Nf6 {[%emt 0:00:03]} 6. Qd3 {[%emt 0:00:06]} d5 {[%emt 0:00:04]} 7. Qh3 {[%emt 0:00:03]} Bxh3 {[%emt 0:00:03]} 8. gxh3 {[%emt 0:00:05]} Nc6 {[%emt 0:00:06]} 9. Nc3 {[%emt 0:00:02]} O-O {[%emt 0:00:04]} 10. Bb5 {[%emt 0:00:06]} Qd7 {[%emt 0:00:07]} 11. Ba6 {[%emt 0:00:03]} bxa6 {[%emt 0:00:03]} 12. Nf3 {[%emt 0:00:08]} Nb4 {[%emt 0:00:04]} 13. O-O {[%emt 0:00:00]} Nxc2 {[%emt 0:00:04]} 14. Rb1 {[%emt 0:00:01]} Bb4 {[%emt 0:00:13]} 15. a3 {[%emt 0:00:03]} Bxc3 {[%emt 0:00:03]} 16. bxc3 {[%emt 0:00:02]} Qa4 {[%emt 0:00:11]} 17. Bb2 {[%emt 0:00:08]} Nxa3 {[%emt 0:00:06]} 18. Bxa3 {[%emt 0:00:03]} Qxa3 {[%emt 0:00:02]} 19. Nd4 {[%emt 0:00:04]} Rab8 {[%emt 0:00:07]} 20. Rxb8 {[%emt 0:00:02]} Rxb8 {[%emt 0:00:03]} 21. Nc2 {[%emt 0:00:00]} Qb2 {[%emt 0:00:05]} 22. Re1 {[%emt 0:00:01]} Qxc2 {[%emt 0:00:05]} 23. h4 {[%emt 0:00:05]} h6 {[%emt 0:00:03]} 24. h5 {[%emt 0:00:02]} Rb1 {[%emt 0:00:05]} 25. Rf1 {[%emt 0:00:04]} Rxf1+ {[%emt 0:00:03]} 26. Kxf1 {[%emt 0:00:01]} Qxd2 {[%emt 0:00:01]} 27. Kg2 {[%emt 0:00:03]} Nxh5 {[%emt 0:00:07]} 28. Kh3 {[%emt 0:00:03]} Qd3+ {[%emt 0:00:04]} 29. Kh4 {[%emt 0:00:00]} Qg6 {[%emt 0:00:04]} 30. h3 {[%emt 0:00:04]} Nf4 {[%emt 0:00:04]} 31. f3 {[%emt 0:00:13]} Ng2# {[%emt 0:00:02] Mate Mate} 0-1

[Event "OEISM 0818 BLMM"]
[Site "austriablmm"]
[Date "2020.12.12"]
[Round "6"]
[White "DoHoChess"]
[Black "Beckenbauer23"]
[Result "1/2-1/2"]
[WhiteElo "2240"]
[BlackElo "2080"]
[Annotator "NA"]
[PlyCount "59"]
[EventDate "2020.12.12"]
[EventType "blitz"]
[TimeControl "600+3"]

1. Nf3 {[%emt 0:00:00]} c5 {[%emt 0:00:01]} 2. b3 {[%emt 0:00:01]} d6 {[%emt 0:00:01]} 3. Bb2 {[%emt 0:00:05]} e5 {[%emt 0:00:02]} 4. c4 {[%emt 0:00:02]} Nc6 {[%emt 0:00:07]} 5. d3 {[%emt 0:00:05]} g6 {[%emt 0:00:16]} 6. g3 {[%emt 0:00:01]} Bg7 {[%emt 0:00:03]} 7. Bg2 {[%emt 0:00:01]} Nge7 {[%emt 0:00:02]} 8. O-O {[%emt 0:00:08]} O-O {[%emt 0:00:14]} 9. Nc3 {[%emt 0:00:01]} h6 {[%emt 0:00:35]} 10. Nd2 {[%emt 0:00:08]} Be6 {[%emt 0:00:04]} 11. a3 {[%emt 0:00:04]} Qd7 {[%emt 0:00:06]} 12. Nd5 {[%emt 0:00:04]} Bh3 {[%emt 0:00:07]} 13. Bxh3 {[%emt 0:00:44]} Qxh3 {[%emt 0:00:00]} 14. b4 {[%emt 0:00:01]} b6 {[%emt 0:00:07]} 15. Ne4 {[%emt 0:00:34]} Rad8 {[%emt 0:00:22]} 16. Qa4 {[%emt 0:00:11]} f5 {[%emt 0:00:30]} 17. Nd2 {[%emt 0:01:40]} Nxd5 {[%emt 0:01:21]} 18. cxd5 {[%emt 0:00:24]} Ne7 {[%emt 0:00:02]} 19. e4 {[%emt 0:01:42]} f4 {[%emt 0:00:20]} 20. Qd1 {[%emt 0:00:01]} g5 {[%emt 0:00:19]} 21. Qf3 {[%emt 0:00:10]} fxg3 {[%emt 0:00:34]} 22. Qxg3 {[%emt 0:00:02]} Qd7 {[%emt 0:00:05]} 23. Nc4 {[%emt 0:00:34]} Ng6 {[%emt 0:00:07]} 24. Bc1 {[%emt 0:00:07]} Rf7 {[%emt 0:00:31]} 25. Ra2 {[%emt 0:00:16]} Rdf8 {[%emt 0:00:04]} 26. f3 {[%emt 0:00:17]} Nh4 {[%emt 0:00:33]} 27. Raf2 {[%emt 0:00:06]} Qd8 {[%emt 0:01:01]} 28. Kh1 {[%emt 0:00:35]} Qf6 {[%emt 0:00:06]} 29. Ne3 {[%emt 0:01:07]} Qe7 {[%emt 0:00:24]} 30. b5 {[%emt 0:00:21] DoHoChess bietet Remis (Lag: Av=0.28s, max=0.6s)} 1/2-1/2